=LDR 00000nam 2200000 4500 =001 INLIS000000000054793 =005 20200225083456 =035 ##$$a 0010-0220000355 =007 ta =008 200225###########################0#ind## =020 ##$$a 978-979-593-968-9 =082 ##$$a 305.895 1 =084 ##$$a 305.895 1 Zha k =245 1#$$a Kaleidoskop Kebudayaan Tiongkok /$c Zhang Yajun =300 ##$$a 256 Halaman : $b Ilustrasi ; $c 26 cm. =650 #4$$a Cina Kebudayaan =700 #$$a Editor: Adeline Bangun, Yayat Sri Hayati =264 ##$$a Jakarta :$b Kesaint Blanc,$c 2017 =336 ##$$a teks$2 rdacontent =337 ##$$a lain-lain$2 rdamedia =338 ##$$a lain-lain$2 rdacarrier =990 ##$$a 13451345 =990 ##$$a 13451345